Click the palindrome (sudden death) - Statistics

General Stats
  • This quiz has been taken 168 times
    136 since last reset
  • The average score is 9 of 15
Answers on the Grid
Answers color-coded by a green-red scale on the quiz's grid according to % correct below.
a racecar
No sir, away, a papaya war is on
Mom
Swims
Was it a cat I saw?
Toto
bod
Stanley Yelnats
I did, did I?
Hanna
Never odd or even
Eva, can I see bees in a cave?
Do you love or evolve dodo?
Abba
Top spot
Madam, I'm Adam
Tosspot
Top pot
Stop pots
clock
taco cat
Never odd nor neven
Are you ticklish Yera?
rotater
repaper
solo
Moleman, el om?
cracker
my gym
red rum, sirs, is murder
 
Answer Stats
Answer % Correct
Top pot
73%
Mom
69%
Abba
68%
Stop pots
67%
Eva, can I see bees in a cave?
64%
Madam, I'm Adam
63%
taco cat
63%
my gym
62%
Top spot
62%
repaper
60%
I did, did I?
59%
No sir, away, a papaya war is on
58%
Stanley Yelnats
58%
Never odd or even
56%
Was it a cat I saw?
56%
No matching quizzes found
Score Distribution
Percent of People with Each Score
Percentile by Number Answered
Your Score History
You have not taken this quiz since the last reset